| 000 | 00460cam a2200181 4500 | ||
|---|---|---|---|
| 001 | D7555 | ||
| 008 | 090401t1972 xxu||||| |||| 00| 0 eng d | ||
| 035 | _a(Sirsi) u7992 | ||
| 041 | _aeng | ||
| 050 | _a339.41 | ||
| 100 | _aNewton, Trevor | ||
| 245 | _aCost-benefit analysis in administration | ||
| 260 |
_aLondon _bGeorge Allen & Unwin for the Royal Insti _c1972 |
||
| 300 | _a248p. bibliographies | ||
| 350 | _a4.15 | ||
| 942 | _n0 | ||
| 948 | _c04/03/1997 | ||
| 999 |
_c86470 _d86470 |
||